[Event "Landesliga Nord 1819"]
[Site "Bayern"]
[Date "2019.01.20"]
[Round "5.5"]
[White "Wichmann, Adrian"]
[Black "Seidens, Udo"]
[Result "1/2-1/2"]
[WhiteElo "2027"]
[BlackElo "2073"]
[PlyCount "116"]
[EventDate "2018.10.21"]
[EventType "team-tourn"]
[EventRounds "9"]
[EventCountry "GER"]
[SourceTitle "EXT 2022"]
[Source "ChessBase"]
[SourceDate "2021.10.06"]
[SourceVersion "1"]
[SourceVersionDate "2021.10.06"]
[SourceQuality "1"]
[WhiteTeam "Forchheim SC"]
[BlackTeam "Schweinfurt"]
[WhiteTeamCountry "GER"]
[BlackTeamCountry "GER"]

1. e4 Nf6 2. e5 Nd5 3. c4 Nb6 4. d4 d6 5. f4 dxe5 6. fxe5 Nc6 7. Be3 Bf5 8. Nc3 e6 9. Nf3 Bb4 10. Qd2 Na5 11. b3 c5 12. Be2 Qc7 13. 0-0 0-0 14. Qb2 cxd4 15. Nb5 Qe7 16. Nbxd4 Ba3 17. Nxf5 exf5 18. Qc2 Nc6 19. Qxf5 g6 20. Qg5 Rae8 21. Qg3 Bc5 22. Qf2 Bxe3 23. Qxe3 Nxe5 24. Qxe5 Qxe5 25. Nxe5 Rxe5 26. Bf3 Re7 27. Rfe1 Rc7 28. Rad1 Rfc8 29. Rd2 Kf8 30. Red1 Ke7 31. Kf2 a5 32. Bg4 f5 33. Bf3 Nd7 34. Re1+ Kf8 35. Rd5 Nc5 36. Red1 Re8 37. Rd8 Ke7 38. Rxe8+ Kxe8 39. Rd5 Ke7 40. Ke3 Ke6 41. Kd4 b6 42. Re5+ Kd6 43. Bd5 Rc8 44. Re3 f4 45. Re2 Rf8 46. Kc3 g5 47. a3 Rf6 48. b4 axb4+ 49. axb4 Nd7 50. Kd4 g4 51. Rb2 f3 52. gxf3 gxf3 53. Rf2 Rf4+ 54. Ke3 Rh4 55. Kxf3 b5 56. Rd2 bxc4 57. Bxc4+ Ke7 58. Re2+ Kf6 1/2-1/2

[Event "Oberliga Bayern 1617"]
[Site "Bayern"]
[Date "2017.02.05"]
[Round "5.7"]
[White "Seidens, Udo"]
[Black "Heimrath, Reiner"]
[Result "0-1"]
[WhiteElo "2161"]
[BlackElo "2163"]
[PlyCount "74"]
[EventDate "2016.10.16"]
[EventType "team-tourn"]
[EventRounds "9"]
[EventCountry "GER"]
[SourceTitle "EXT 2019"]
[Source "ChessBase"]
[SourceDate "2018.10.10"]
[SourceVersion "1"]
[SourceVersionDate "2018.10.10"]
[SourceQuality "1"]
[WhiteTeam "Schweinfurt"]
[BlackTeam "Nuernberg NT"]
[WhiteTeamCountry "GER"]
[BlackTeamCountry "GER"]

1. c4 Nf6 2. g3 e6 3. Bg2 d5 4. Nf3 Be7 5. 0-0 0-0 6. Qc2 c5 7. cxd5 Nxd5 8. Nc3 Nc6 9. Nxd5 exd5 10. b3 Bg4 11. Bb2 Rc8 12. h3 Be6 13. Rac1 Qd7 14. Kh2 d4 15. e4 f5 16. d3 f4 17. Qd2 g5 18. g4 h5 19. gxh5 Qe8 20. Rh1 Qxh5 21. Kg1 b6 22. Qd1 Rf7 23. Ne1 Qh8 24. Qe2 Rh7 25. Qf1 Ne5 26. b4 Kf7 27. bxc5 bxc5 28. f3 Qd8 29. Qf2 Qa5 30. Rc2 Rch8 31. Qf1 Bxa2 32. Bc1 Be6 33. Bd2 Qb6 34. h4 Rxh4 35. Rxh4 Rxh4 36. Qf2 c4 37. dxc4 Bc5 0-1

[Event "Schweinfurt op 26th"]
[Site "Schweinfurt"]
[Date "2016.05.29"]
[Round "7"]
[White "Seidens, Udo"]
[Black "Kuhn, Norbert"]
[Result "1/2-1/2"]
[WhiteElo "2245"]
[BlackElo "2119"]
[PlyCount "83"]
[EventDate "2016.05.26"]
[EventType "swiss"]
[EventRounds "7"]
[EventCountry "GER"]
[SourceTitle "CBM 172 Extra"]
[Source "ChessBase"]
[SourceDate "2016.06.21"]
[SourceVersion "1"]
[SourceVersionDate "2016.06.21"]
[SourceQuality "1"]

1. c4 e6 2. Nf3 d5 3. g3 c6 4. Bg2 Nf6 5. b3 Bd6 6. Bb2 0-0 7. 0-0 b6 8. Ne5 Bb7 9. f4 Nbd7 10. e3 Qe7 11. Qe2 Rfd8 12. d3 a5 13. a3 b5 14. Nd2 bxc4 15. bxc4 Nc5 16. Bd4 a4 17. Rfb1 Rdb8 18. g4 Nb3 19. Nxb3 axb3 20. Rxb3 c5 21. Bc3 dxc4 22. Nxc4 Bxg2 23. Rxb8+ Rxb8 24. Qxg2 Nd5 25. Be1 Bc7 26. g5 Qd7 27. Rc1 Nxe3 28. Nxe3 Bxf4 29. Qe4 Bxg5 30. Qe5 Qd8 31. Bf2 h6 32. a4 Rb3 33. Qxc5 Qxd3 34. Qc8+ Kh7 35. Rd1 Qg6 36. Ng2 Rb2 37. Qc3 Bf6 38. Qd3 Qxd3 39. Rxd3 Ra2 40. Rd7 Kg8 41. Ne3 Rxa4 42. Kg2 1/2-1/2

[Event "Landesliga Nord 1516"]
[Site "Bayern"]
[Date "2016.02.21"]
[Round "7.5"]
[White "Oehrlein, Thomas"]
[Black "Seidens, Udo"]
[Result "1/2-1/2"]
[WhiteElo "2101"]
[BlackElo "2161"]
[PlyCount "138"]
[EventDate "2015.10.11"]
[EventType "team-tourn"]
[EventRounds "9"]
[EventCountry "GER"]
[SourceTitle "EXT 2018"]
[Source "ChessBase"]
[SourceDate "2017.10.13"]
[SourceVersion "1"]
[SourceVersionDate "2017.10.13"]
[SourceQuality "1"]
[WhiteTeam "Bamberg SC"]
[BlackTeam "Schweinfurt"]
[WhiteTeamCountry "GER"]
[BlackTeamCountry "GER"]

1. e4 g6 2. d4 Bg7 3. Nc3 c6 4. Be3 d5 5. e5 h5 6. Nf3 Nh6 7. Qd2 Bg4 8. Ng5 Nd7 9. Bd3 Nb6 10. b3 Qd7 11. h3 Bf5 12. Be2 a5 13. a4 Be6 14. Nb5 Kd8 15. Na3 Nf5 16. Nxe6+ Qxe6 17. c4 f6 18. 0-0 Ke8 19. f4 Ng3 20. Rf3 Ne4 21. Qc2 f5 22. Rb1 Kf7 23. c5 Nd7 24. b4 b5 25. cxb6 Nxb6 26. bxa5 Nxa4 27. Bd2 Rhb8 28. Be1 Rxb1 29. Nxb1 Rb8 30. Rb3 Qc8 31. Bd3 Bh6 32. Rxb8 Qxb8 33. Qxa4 Qb2 34. Bxe4 fxe4 35. e6+ Kf6 36. Qd1 Bxf4 37. Nc3 Be3+ 38. Kh1 Kxe6 39. Qe2 Qc1 40. a6 Bxd4 41. Nxe4 dxe4 42. Qxe4+ Kf7 43. Qxd4 Qxe1+ 44. Kh2 Qa5 45. a7 g5 46. h4 Kg6 47. Qe4+ Kf7 48. Qh7+ Ke6 49. Qg8+ Kd7 50. Qb8 Qa4 51. Qb7+ Kd6 52. Qb8+ Kd7 53. Kg3 Qxh4+ 54. Kf3 Qg4+ 55. Ke3 Qe6+ 56. Kd4 Qd5+ 57. Kc3 Qc5+ 58. Kb3 Qd5+ 59. Ka4 Qa2+ 60. Kb4 Qd2+ 61. Ka3 Qc3+ 62. Ka2 Qc2+ 63. Ka3 Qc3+ 64. Ka4 Qa1+ 65. Kb3 Qd1+ 66. Kc3 Qc1+ 67. Kd3 Qd1+ 68. Ke4 Qd5+ 69. Ke3 Qe6+ 1/2-1/2

[Event "Forchheim op-A 14th"]
[Site "Forchheim"]
[Date "2015.10.04"]
[Round "5"]
[White "Hilverda, Alexander"]
[Black "Seidens, Udo"]
[Result "1-0"]
[WhiteElo "2384"]
[BlackElo "2233"]
[PlyCount "65"]
[EventDate "2015.10.02"]
[EventType "swiss"]
[EventRounds "5"]
[EventCountry "GER"]
[SourceTitle "EXT 2019"]
[Source "ChessBase"]
[SourceDate "2018.10.10"]
[SourceVersion "1"]
[SourceVersionDate "2018.10.10"]
[SourceQuality "1"]

1. d4 Nf6 2. c4 e6 3. g3 d5 4. Nf3 dxc4 5. Bg2 Be7 6. Qc2 Bd7 7. Ne5 Bc6 8. Nxc6 Nxc6 9. Qxc4 Nxd4 10. e3 Nc6 11. Bxc6+ bxc6 12. Qxc6+ Nd7 13. 0-0 0-0 14. Bd2 Bd6 15. Bc3 Ne5 16. Qe4 f5 17. Qc2 Qe8 18. Nd2 Rb8 19. Rac1 Qh5 20. Bxe5 Bxe5 21. b3 Rf6 22. f4 Rh6 23. Nf3 Bd6 24. Rf2 Rb4 25. Qc6 Rf6 26. Qa8+ Rf8 27. Qxa7 h6 28. Rc4 Rb6 29. Qa5 g5 30. Ne5 Rfb8 31. Nd7 Qd1+ 32. Rf1 Qd5 33. Nf6+ 1-0

[Event "Forchheim op-A 13th"]
[Site "Forchheim"]
[Date "2014.10.05"]
[Round "5"]
[White "Kammer, Christoph"]
[Black "Seidens, Udo"]
[Result "0-1"]
[WhiteElo "2017"]
[BlackElo "2232"]
[PlyCount "78"]
[EventDate "2014.10.03"]
[EventType "swiss"]
[EventRounds "5"]
[EventCountry "GER"]
[SourceTitle "EXT 2019"]
[Source "ChessBase"]
[SourceDate "2018.10.10"]
[SourceVersion "1"]
[SourceVersionDate "2018.10.10"]
[SourceQuality "1"]

1. e4 g6 2. Nc3 Bg7 3. f4 c6 4. Bc4 d5 5. exd5 b5 6. Bb3 b4 7. Nce2 cxd5 8. a3 d4 9. Ba4+ Kf8 10. Nf3 Qb6 11. d3 Nh6 12. 0-0 Nf5 13. Ne5 Be6 14. axb4 Na6 15. Kh1 Nxb4 16. Nd7+ Bxd7 17. Bxd7 Ne3 18. Bxe3 dxe3 19. Bg4 e6 20. c3 Nd5 21. Bf3 Rd8 22. Qc2 Bf6 23. Bxd5 Rxd5 24. d4 Kg7 25. Qc1 a5 26. Qxe3 Rb8 27. Rab1 Rb5 28. Ng3 Rxb2 29. Rxb2 Qxb2 30. Ne4 Be7 31. Ng5 Qb5 32. Re1 Qf5 33. Nf3 Rb2 34. h3 a4 35. c4 Qc2 36. Rg1 Qxc4 37. f5 Re2 38. Qf4 exf5 39. Ne5 Qd5 0-1

[Event "Landesliga Nord 1314"]
[Site "Bayern"]
[Date "2014.03.16"]
[Round "8.7"]
[White "Frey, Michael"]
[Black "Seidens, Udo"]
[Result "1/2-1/2"]
[WhiteElo "2090"]
[BlackElo "2232"]
[PlyCount "58"]
[EventDate "2013.10.13"]
[EventType "team"]
[EventRounds "9"]
[EventCountry "GER"]
[SourceTitle "EXT 2015"]
[Source "ChessBase"]
[SourceDate "2014.11.20"]
[SourceVersion "1"]
[SourceVersionDate "2014.11.20"]
[SourceQuality "1"]
[WhiteTeam "Obernau"]
[BlackTeam "Schweinfurt"]
[WhiteTeamCountry "GER"]
[BlackTeamCountry "GER"]

1. e4 g6 2. d4 Bg7 3. c3 c6 4. Nf3 d6 5. Bc4 Nf6 6. Qe2 0-0 7. Bb3 a5 8. 0-0 a4 9. Bc2 Qc7 10. h3 e5 11. dxe5 dxe5 12. Be3 Nh5 13. Rd1 Nf4 14. Qd2 Bf6 15. Qd6 Qxd6 16. Rxd6 Be6 17. Na3 Be7 18. Rd2 f6 19. h4 Rd8 20. Rxd8+ Bxd8 21. g3 Nh5 22. Bd3 b5 23. Nc2 Na6 24. a3 Be7 25. Nb4 Nxb4 26. cxb4 Rd8 27. Be2 Ng7 28. Rc1 Rc8 29. Kf1 Ne8 1/2-1/2

[Event "Schweinfurt op 23rd"]
[Site "Schweinfurt"]
[Date "2013.05.30"]
[Round "1"]
[White "Itze, Jan Peter"]
[Black "Seidens, Udo"]
[Result "0-1"]
[WhiteElo "1715"]
[BlackElo "2237"]
[PlyCount "44"]
[EventDate "2013.05.30"]
[EventType "swiss"]
[EventRounds "7"]
[EventCountry "GER"]
[SourceTitle "CBM 154 Extra"]
[Source "ChessBase"]
[SourceDate "2013.06.25"]
[SourceVersion "2"]
[SourceVersionDate "2013.06.25"]
[SourceQuality "1"]

1. d4 Nf6 2. Nf3 d6 3. Bg5 Nbd7 4. e3 c6 5. Nbd2 h6 6. Bf4 g6 7. Bd3 Bg7 8. c3 0-0 9. e4 Nh5 10. Be3 e5 11. g3 Nhf6 12. h3 Re8 13. Qb3 exd4 14. cxd4 Nb6 15. Nh4 Be6 16. Qc2 Rc8 17. f4 Nfd5 18. Bf2 Nb4 19. Qc3 c5 20. Bb5 N6d5 21. Qb3 Nc7 22. Qa4 Nxb5 0-1

[Event "Landesliga Nord 1213"]
[Site "Bayern"]
[Date "2012.10.14"]
[Round "1.6"]
[White "Demburg, Dimitrij"]
[Black "Seidens, Udo"]
[Result "0-1"]
[WhiteElo "2106"]
[BlackElo "2108"]
[PlyCount "70"]
[EventDate "2012.10.14"]
[EventType "team-tourn"]
[EventRounds "9"]
[EventCountry "GER"]
[SourceTitle "EXT 2015"]
[Source "ChessBase"]
[SourceDate "2014.11.20"]
[SourceVersion "1"]
[SourceVersionDate "2014.11.20"]
[SourceQuality "1"]
[WhiteTeam "Nuernberg NT II"]
[BlackTeam "Schweinfurt"]
[WhiteTeamCountry "GER"]
[BlackTeamCountry "GER"]

1. e4 g6 2. d4 Bg7 3. Nc3 c6 4. a4 d5 5. e5 h5 6. h3 Nh6 7. Nf3 a5 8. Bd3 Na6 9. Rg1 Nb4 10. Bxh6 Bxh6 11. g4 hxg4 12. hxg4 Be6 13. Bf1 Qc8 14. g5 Bg7 15. Ne2 Bf5 16. Rc1 Qd7 17. Ng3 Bg4 18. Be2 e6 19. c3 Na6 20. Bd3 Ke7 21. Nf1 Bf5 22. Bxf5 exf5 23. Ng3 Nc7 24. Ne2 Ne6 25. Kd2 Rh3 26. Rg3 Rah8 27. Qg1 R3h5 28. b3 Ke8 29. Qg2 Bf8 30. Ne1 Rh2 31. Qg1 Rh1 32. Qg2 R8h2 33. Qf3 Qe7 34. Qe3 Qa3 35. Nf3 f4 0-1